O longo adeus / (Record no. 116)

MARC details
000 -LÍDER
campo de controle de tamanho fixo 01867nam a2200361 4500
001 - NÚMERO DE CONTROLE
campo de controle 116
003 - IDENTIFICADOR DO NÚMERO DE CONTROLE
campo de controle OSt
005 - DATA E HORÁRIO DA ÚLTIMA TRANSAÇÃO
campo de controle 20250528074012.0
008 - CAMPO DE DADOS FIXOS--INFORMAÇÃO GERAL
campo de controle de tamanho fixo 250127b |||||||e |||| 00| 1 eng d
040 ## - FONTE DA CATALOGAÇÃO
Idioma da catalogação por
041 ## - CÓDIGO DE IDIOMA
Código do idioma do original e/ou traduções intermediárias do texto eng
Código do idioma do texto/trilha sonora ou título diferente por
082 ## - CDD - CLASSIFICAÇÃO DECIMAL DE DEWEY
Número de Classificação 813
Número do exemplar C455l
100 1# - ENTRADA PRINCIPAL--NOME PESSOAL
Nome pessoal Chandler, Raymond,
Datas associadas ao nome 1888-1959.
9 (RLIN) 257
240 ## - TÍTULO UNIFORME
Título uniforme The long goodbye
245 ## - TÍTULO
Título O longo adeus /
Indicação de responsabilidade, etc. Chandler, Raymond ; Tradução de Flávio Moreira da Costa e Prefácio de José Onofre
250 ## - EDIÇÃO
Declaração de edição 2° edição
260 ## - PUBLICAÇÃO, DISTRIBUIÇÃO, ETC.
Local de publicação, distribuição, etc. São Paulo
Nome do editor, distribuidor, etc. Brasiliense
Data da publicação, distribuição, etc. 1985
300 ## - DESCRIÇÃO FÍSICA
Extensão 332 p.
490 1# - TÍTULO DA SÉRIE
Título da série Detetive Philip Marlowe
Número do volume ou designação sequencial da série Livro 06
520 ## - NOTA DE RESUMO, ETC.
Resumo, etc. O longo adeus é um dos maiores romances da literatura americana em todos os tempos. E, seguramente, o melhor do gênero em que Chandler foi um dos fundadores – o policial noir – compartilhado com escritores do gabarito de Dashiell Hammett, Ross Macdonald, David Goodis, Chester Himes, entre outros. No centro da trama está Philip Marlowe, o detetive emblemático da literatura de Chandler e do período da recessão americana em que ele ambienta suas novelas. Sentimental sob uma casca de durão, quase sempre um perdedor, hábil e fascinante, Philip Marlowe ocupa a galeria de honra dos grandes personagens da literatura universal.<br/><br/><br/><br/>O longo adeus é um clássico sobre a solidão e a amizade. Philip Marlowe e o enigmático Terry Lennox são os personagens centrais deste romance profundo e brilhante.<br/><br/>
650 #0 - ASSUNTO--TERMO TÓPICO
Cabeçalho tópico ou nome geográfico Literatura Americana
9 (RLIN) 84
650 #0 - ASSUNTO--TERMO TÓPICO
Cabeçalho tópico ou nome geográfico Romance Policial
9 (RLIN) 11
650 #0 - ASSUNTO--TERMO TÓPICO
Cabeçalho tópico ou nome geográfico Crime e Investigação
9 (RLIN) 13
650 #0 - ASSUNTO--TERMO TÓPICO
Cabeçalho tópico ou nome geográfico Ação
9 (RLIN) 64
650 #0 - ASSUNTO--TERMO TÓPICO
Cabeçalho tópico ou nome geográfico Clássicos
9 (RLIN) 77
650 #0 - ASSUNTO--TERMO TÓPICO
Cabeçalho tópico ou nome geográfico Filme
9 (RLIN) 26
655 #0 - TERMO DE ÍNDICE--GÊNERO E FORMA
Gênero/forma/ou termo foco Romance
655 #0 - TERMO DE ÍNDICE--GÊNERO E FORMA
Gênero/forma/ou termo foco Ficção
700 ## - ENTRADA ADICIONADA - NOME PESSOAL
Nome pessoal Flávio Moreira da Costa
Função do autor por extenso Tradutor
9 (RLIN) 258
700 ## - ENTRADA ADICIONADA - NOME PESSOAL
Nome pessoal José Onofre
Função do autor por extenso Prefácio
9 (RLIN) 259
830 ## - ENTRADA SECUNDÁRIA DE SÉRIE--TÍTULO UNIFORME
Título uniforme Detetive Philip Marlowe
Número do volume ou designação sequencial da série Livro 06
9 (RLIN) 260
942 ## - ELEMENTOS DE ENTRADA ADICIONADOS (KOHA)
Fonte de classificação ou esquema de arquivamento Classificação decimal de Dewey
Ocultar no OPAC Não
Tipo de material Koha Livros
Holdings
Situação do descarte Situação das perdas Fonte de classificação ou esquema de arquivamento Status danificado Não pode ser emprestado Coleção Biblioteca de origem Biblioteca atual Localização na estante Data de aquisição Fonte de aquisição Total de empréstimos Número de chamada completo Código de barras Data de último acesso Data do preço efetivo Tipo de material Koha
    Classificação decimal de Dewey     Ficção Biblioteca Professor Eduardo Afonso de Castro Biblioteca Professor Eduardo Afonso de Castro Literatura Estrangeira 06.05.2002 doação   813 / C455l 2025-12007 27.01.2025 27.01.2025 Livros

Powered by Koha